Hull-down for action / (Record no. 2414)

MARC details
000 -LEADER
fixed length control field 01170cam a22002771 4500
001 - CONTROL NUMBER
control field 2414
003 - CONTROL NUMBER IDENTIFIER
control field FISKH
005 - DATE AND TIME OF LATEST TRANSACTION
control field 20231205114107.0
008 - FIXED-LENGTH DATA ELEMENTS--GENERAL INFORMATION
fixed length control field 790123s1945 nyua j 000 1 eng
010 ## - LIBRARY OF CONGRESS CONTROL NUMBER
LC control number 45035200
035 ## - SYSTEM CONTROL NUMBER
System control number (OCoLC)35584985
040 ## - CATALOGING SOURCE
Original cataloging agency DLC
Transcribing agency OrP
Modifying agency FM
-- DLC
Language of cataloging eng
042 ## - AUTHENTICATION CODE
Authentication code premarc
050 00 - LIBRARY OF CONGRESS CALL NUMBER
Classification number PZ7.S749
Item number Hu
100 1# - MAIN ENTRY--PERSONAL NAME
Personal name Sperry, Armstrong,
Dates associated with a name 1897-1976.
245 10 - TITLE STATEMENT
Title Hull-down for action /
Statement of responsibility, etc. by Armstrong Sperry, illustrated by the author.
260 ## - PUBLICATION, DISTRIBUTION, ETC.
Place of publication, distribution, etc. New York :
Name of publisher, distributor, etc. Bookie Coach,
Date of publication, distribution, etc. 1945.
300 ## - PHYSICAL DESCRIPTION
Extent 213 pages :
Other physical details illustrations ;
Dimensions 22 cm
505 ## - FORMATTED CONTENTS NOTE
Formatted contents note Z<br/>
520 ## - SUMMARY, ETC.
Summary, etc. A vintage boys' book about four youngsters set adrift in the South Pacific by a German undercover agent who commandeered their boat during WW II. But they make landfall on Guadalcanal, cross the island in a series of hair-raising escapades & finally gaze out on a hidden lagoon where the beautiful brigg that was taken from them, the Island Queen, lies anchored.
521 8# - TARGET AUDIENCE NOTE
Target audience note 900<br/>
Source Lexile estimate <br/>
521 8# - TARGET AUDIENCE NOTE
Target audience note Z<br/>
Source Raz-Plus<br/>
650 ## - SUBJECT ADDED ENTRY--TOPICAL TERM
Topical term or geographic name entry element Hull-down
Form subdivision Juvenile literature
906 ## - LOCAL DATA ELEMENT F, LDF (RLIN)
a 7
b cbc
c oclcrpl
d u
e ncip
f 19
g y-gencatlg
942 ## - ADDED ENTRY ELEMENTS (KOHA)
Source of classification or shelving scheme Dewey Decimal Classification
Koha item type Books
Suppress in OPAC No
Holdings
Withdrawn status Lost status Source of classification or shelving scheme Damaged status Not for loan Collection Home library Current library Shelving location Date acquired Total Checkouts Full call number Barcode Date last seen Price effective from Koha item type
    Dewey Decimal Classification     Fiction Footprints International School Library Network Toul Kork Campus Footprints International School Library Network Toul Kork Campus   12/04/2023   SPE Fic PZ7.S749 FIS00692 12/04/2023 12/04/2023 Books